5-Letter Words Quiz - Statistics

General Stats
  • This quiz has been taken 106 times
  • The average score is 10 of 26
Answer Stats
Hint Answer % Correct
Liquid extracted from fruit and vegetables. Juice
76%
Feeling of pessimism and despondency; 'doom and _____' Gloom
67%
An estuary, and letter of the Greek alphabet. Delta
62%
2012 Disney animated film; '_____ it Ralph'. Wreck
61%
Pale violet colour mimicking the hue of the flower of the same name. Lilac
52%
System for detecting objects under water by emitting sound pulses. Sonar
51%
Wooden support for canvases. Easel
50%
To resent, detest, loathe something or someone. Abhor
45%
Three dimensional shape of DNA structures and springs. Helix
45%
Rubinstein's instrument. Piano
44%
Nil, nix, zero. Zilch
44%
Very infrequent noble gas with the atomic number 54. Xenon
39%
The anatomical building blocks of tissue structures. Cells
38%
The US possesses 5,550 of these weapons. Nukes
35%
1966 Rolling Stones hit; 'Under My _____'. Thumb
33%
Relating to electrically charged atoms. Ionic
32%
To produce a natural, industrial, or agricultural good. Yield
32%
Small edible crustaceans that primarily feed on plankton. Krill
30%
Type of gemstone composed of beryllium and aluminium. Beryl
27%
Absolute, complete, total. Utter
27%
Chemical compound containing at least one oxygen atom. Oxide
26%
Sparking mineral water from springs, and a city in central France. Vichy
24%
Subject of study for vexillologists. Flags
20%
Highly vicious substance used as an adhesive and coating in construction. Resin
20%
Concise phrase encapsulating one's ideology or perspective of life. Motto
18%
The most basic unit of information in quantum mechanics. Qubit
6%
No matching quizzes found
Score Distribution
Percent of People with Each Score
Percentile by Number Answered
Your Score History
You have not taken this quiz